Proces výberu metód stanovenia hodnoty a jeho legislatívna úprava

Štandardy ohodnocovania, znalecké štandardy medzinárodné a v SR. Metódy ohodnocovania v SR a v zahraničí a proces konsolidácie záverečnej hodnoty. Faktory, ktoré vplývajú na rozhodnutie znalca pri výbere metódy ohodnocovania majetku podniku.

Salvato in:
Dettagli Bibliografici
Autore principale: Jánošová, Zuzana
Natura: Capitolo di libro
Lingua:slovacco
Soggetti:
Tags: Aggiungi Tag
Nessun Tag, puoi essere il primo ad aggiungerne!!

MARC

LEADER 00000nla$a2200000$$$4500
001 0145120
005 20240502072615.8
041 0 |a slo 
044 |a SK 
245 1 0 |a Proces výberu metód stanovenia hodnoty a jeho legislatívna úprava  |c Zuzana Jánošová 
520 |a Štandardy ohodnocovania, znalecké štandardy medzinárodné a v SR. Metódy ohodnocovania v SR a v zahraničí a proces konsolidácie záverečnej hodnoty. Faktory, ktoré vplývajú na rozhodnutie znalca pri výbere metódy ohodnocovania majetku podniku. 
610 2 0 |a majetok podnikový 
610 2 0 |a ohodnocovanie podniku 
610 2 0 |a metódy 
610 2 0 |a štandardy ohodnocovacie medzinárodné 
100 1 |a Jánošová, Zuzana